LEADER 00841nam0 2200265 450 001 000005616 005 20041213150840.0 010 $a88-430-0726-2 100 $a20041213d2001----km-y0itay50------ba 101 0 $aita 102 $aIT 200 1 $a<>normale solitudine$epercorsi teorici e strumenti operativi della comunità per i minori$fFrancesca Emiliani, Paola Bastianoni 210 $aRoma$cCarocci$dc2001 215 $a190 p.$d24 cm 225 2 $aI manuali$v86 410 0$12001$aI manuali 610 1 $aFanciulli$aAssistenza sociale 676 $a362.73 700 1$aEmiliani,$bFrancesca$0170651 701 1$aBastianoni,$bPaola$0526788 801 0$aIT$bUNIPARTHENOPE$c20041213$gRICA$2UNIMARC 912 $a000005616 951 $cNAVA1$a362-N/1$b37286$d20041213 996 $aNormale solitudine$91206101 997 $aUNIPARTHENOPE